The Marcos dynasty
Saved in:
| Main Author: | |
|---|---|
| Format: | Book |
| Language: | Undetermined |
| Published: |
New York
Harper & Row
1988
|
| Subjects: | |
| Tags: |
Add Tag
No Tags, Be the first to tag this record!
|
| Institutions: | Trung tâm Học liệu Trường Đại học Cần Thơ |
|---|
| LEADER | 00541nam a2200205Ia 4500 | ||
|---|---|---|---|
| 001 | CTU_90585 | ||
| 008 | 210402s9999 xx 000 0 und d | ||
| 082 | |a 959.9046 | ||
| 082 | |b S127 | ||
| 100 | |a Sterling Seagrave | ||
| 245 | 4 | |a The Marcos dynasty | |
| 245 | 0 | |c Sterling Seagrave | |
| 260 | |a New York | ||
| 260 | |b Harper & Row | ||
| 260 | |c 1988 | ||
| 650 | |a history,political corruption | ||
| 650 | |y 1946-1986 | ||
| 650 | |z philippines,philippines | ||
| 904 | |i Năm | ||
| 980 | |a Trung tâm Học liệu Trường Đại học Cần Thơ | ||